01043nam a2200241Ia 4500003000900000008004100009040001600050080001700066111009900083245020000182260006800382300001300450490003300463650004100496650001700537650002500554650001800579700003000597710005600627942000700683999001700690952009400707IN-BaIIA211028s9999 xx 000 0 eng d cIIA Library a523.947bPOL aWorkshop on Coronal and Prominence PlasmascMarylandd1985 Apr. 9-11 and 1986 Apr. 8-10918942 0aCoronal and prominence plasmasbproceedings of a workshops held at Goddard space flight center, April 9-11, 1985, and April 8-10 1986cedited by A. I. Poland  aWashingtonbNational Aeronautics and Space Administrationc1986 avi,479p. aNASA Report No. NASA-CP-2442 aAstronomy and Astrophysics Thesaurus aCorona98341 aPlasma Physics93732 aSolar Physics aPoland, A. I., ed.918943 aNational Aeronautics and Space Administration94960 cBK c11053d11053 00104070aBANbBANcGENd1994-04-21l0o523.947/ POLp11966r2021-11-05w1994-04-21yBK